[Event "44th Marcel Duchamp"]
[Site "Buenos Aires ARG"]
[Date "2013.03.24"]
[Round "2.2"]
[White "Hernandez Guerrero,G"]
[Black "Vazquez,M"]
[Result "1-0"]
[WhiteElo "2527"]
[BlackElo "2134"]

1.e4 c5 2.Nc3 Nc6 3.Bb5 g6 4.Bxc6 dxc6 5.f4 Bg7 6.Nf3 Bg4 7.h3 Bxf3 8.Qxf3 Nf6
9.d3 Qd7 10.Be3 b6 11.O-O O-O 12.g4 Rad8 13.Rae1 Ne8 14.f5 Nd6 15.a4 a5 16.Kh1 f6
17.Ne2 e5 18.h4 Rf7 19.Rg1 Kf8 20.c3 Re8 21.Ng3 Ke7 22.Rd1 Qc8 23.b3 Kf8
24.d4 cxd4 25.cxd4 exd4 26.Rxd4 Nb7 27.Rgd1 Kg8 28.R4d3 c5 29.Rd5 Rfe7 30.fxg6 hxg6
31.h5 gxh5 32.Nf5 Rf7 33.gxh5 Qe6 34.Rg1 Kh7 35.Rg4 Nd8 36.Rd6 Qe5 37.Bf4 Qa1+
38.Rg1 Qb2 39.Qg4 Qc2 40.Qg6+ Kh8 41.Nxg7  1-0

[Event "TCh-CZE Extraliga 2012-13"]
[Site "Czech Republic CZE"]
[Date "2013.03.24"]
[Round "8.5"]
[White "Vlasak,Lu"]
[Black "Markos,J"]
[Result "1/2-1/2"]
[WhiteElo "2330"]
[BlackElo "2584"]

1.e4 c5 2.Nf3 Nc6 3.Nc3 Nf6 4.d4 cxd4 5.Nxd4 e5 6.Ndb5 d6 7.Bg5 a6 8.Na3 b5
9.Nd5 Be7 10.Bxf6 Bxf6 11.c4 b4 12.Nc2 O-O 13.h4 Rb8 14.b3 Be6 15.g3 g6 16.Bg2 Bg7
17.h5 a5 18.Qd2 Bxd5 19.Qxd5 Nd4 20.Nxd4 exd4 21.hxg6 hxg6 22.Rd1 Qb6 23.Qg5 Rfe8
24.O-O a4 25.Rd3 axb3 26.axb3 Ra8 27.f4 Ra5 28.Qg4 Qd8 29.f5 Qf6 30.Rdf3 g5
31.Rd3 Ra2 32.Rf2 Ra1+ 33.Rf1 Ra2 34.Rf2 Rxf2 35.Kxf2 Ra8 36.Qe2 Qe5 37.Qd2 g4
38.Qf4 Ra2+ 39.Kg1 Qxf4 40.gxf4 Bh6 41.Rg3 Kf8 42.Rxg4 d3 43.f6 d2 44.Bf3 Ke8
45.Rh4 Bf8 46.Rh1 Ra1+ 47.Kg2 Rxh1 48.Kxh1 Bh6 49.f5 Bg5 50.Kg2 Bxf6 51.Kf2 Ke7
52.Ke3 Bc3  1/2-1/2

[Event "36th San Sebastian Open"]
[Site "Donostia ESP"]
[Date "2013.03.24"]
[Round "2.32"]
[White "Moreiro Sanchez,S"]
[Black "Ruiz Escobar,R"]
[Result "0-1"]
[WhiteElo "1492"]
[BlackElo "1932"]

1.e4 c5 2.Nc3 Nc6 3.Nf3 g6 4.d4 cxd4 5.Nxd4 Bg7 6.Be3 d6 7.Be2 Nf6 8.Qd2 O-O
9.Bh6 Bxh6 10.Qxh6 Nxd4 11.Qd2 Nxe2 12.Qxe2 Qb6 13.Rb1 Be6 14.a3 Rac8 15.O-O Bc4
16.Na4 Bxe2 17.Nxb6 axb6 18.Rfe1 Rxc2  0-1

[Event "Norwegian Open 2013"]
[Site "Fagernes NOR"]
[Date "2013.03.24"]
[Round "5"]
[White "Andreassen,A"]
[Black "Pap,M"]
[Result "0-1"]
[WhiteElo "2069"]
[BlackElo "2511"]

1.e4 c5 2.Nc3 Nc6 3.Bb5 Nd4 4.Nf3 Nxb5 5.Nxb5 a6 6.Nc3 e6 7.d4 b5 8.O-O Bb7
9.Re1 Nf6 10.e5 Nd5 11.Ne4 cxd4 12.Qxd4 Qb6 13.Qd3 Rc8 14.c3 h6 15.Be3 Nxe3
16.Rxe3 Bd5 17.a3 Be7 18.Nd4 Bxe4 19.Qxe4 O-O 20.Rd1 f5 21.Qc2 Rc7 22.Red3 Rf7
23.Nf3 Bc5 24.Qd2 Qb7 25.h4 Kh7 26.h5 Qe4 27.b4 Bb6 28.Rd6 Rb7 29.Qd3 a5
30.Kf1 axb4 31.axb4 Ba7 32.Qe2 Qg4 33.R1d3 Qxh5 34.Ra6 Qh1+ 35.Ng1 Qh4 36.Qa2 Qe4
37.Rd1 Bb8 38.Nf3 Bxe5 39.Kg1 Bxc3  0-1

[Event "Norwegian Open 2013"]
[Site "Fagernes NOR"]
[Date "2013.03.24"]
[Round "8"]
[White "Hansen,TR"]
[Black "Gullaksen,E"]
[Result "1/2-1/2"]
[WhiteElo "2463"]
[BlackElo "2391"]

1.e4 c5 2.Nf3 Nc6 3.Nc3 Nf6 4.d4 cxd4 5.Nxd4 e5 6.Ndb5 d6 7.Nd5 Nxd5 8.exd5 Nb8
9.c4 Be7 10.Be2 O-O 11.O-O a6 12.Nc3 Nd7 13.Kh1 f5 14.f4 Bf6 15.Be3 exf4
16.Bxf4 Ne5 17.Qd2 Bd7 18.Rac1 Rc8 19.b3 Kh8 20.a4 Re8 21.Bh5 Rf8 22.Be3 Qa5
23.Bd4 b5 24.axb5 axb5 25.cxb5 Qb4 26.Be2 Nf3 27.Rxf3 Bxd4 28.Bc4 Be5 29.Qe1 Rb8
30.Qf1 Rf6 31.Ne2 g5 32.Rd1 Qc5 33.Nc1 Rh6 34.g3 f4 35.Nd3 Qa7 36.Nxe5 dxe5
37.gxf4 gxf4 38.d6 Bg4 39.Qe2 Qg7 40.d7 Rd8 41.Qe4 Bxf3+ 42.Qxf3 Qg3 43.Qxg3 fxg3
44.h3 Rxh3+ 45.Kg2 Rh6 46.Kxg3 Kg7 47.Kf3 Kf8 48.b6 Rxb6 49.Rd5 Ke7 50.Bb5 Kf6
51.Ke4 Re6 52.Rd1 Re7 53.Rh1 Rg7 54.Rh6+ Kg5 55.Re6 Rdxd7 56.Bxd7 Rxd7 57.Rxe5+  1/2-1/2

[Event "Norwegian Open 2013"]
[Site "Fagernes NOR"]
[Date "2013.03.24"]
[Round "8"]
[White "Byklum,B"]
[Black "Ninov,N"]
[Result "0-1"]
[WhiteElo "2296"]
[BlackElo "2508"]

1.e4 c5 2.Nc3 Nc6 3.Bb5 Nd4 4.Bc4 e6 5.Nge2 Nf6 6.O-O a6 7.d3 d5 8.exd5 b5
9.Bb3 Nxb3 10.axb3 b4 11.Ne4 Nxd5 12.N2g3 Qc7 13.f4 g6 14.Qe2 Be7 15.c4 bxc3
16.bxc3 f5 17.c4 fxe4 18.cxd5 exd3 19.Qxd3 exd5 20.Qxd5 Bb7 21.Qc4 Qc6 22.Rf2 O-O-O
23.Bb2 Rhe8 24.Rc1 h5 25.Be5 h4 26.Ne2 h3 27.Nd4 Qd5 28.Qa4 Bh4 29.Rd2 Rxe5
30.fxe5 Bg5 31.Nf5 Qxd2  0-1

[Event "44th Marcel Duchamp"]
[Site "Buenos Aires ARG"]
[Date "2013.03.25"]
[Round "4.4"]
[White "Perez Ponsa,F"]
[Black "Pichot,A"]
[Result "1/2-1/2"]
[WhiteElo "2476"]
[BlackElo "2327"]

1.e4 c5 2.Nf3 Nc6 3.Nc3 Nf6 4.Bb5 Qc7 5.O-O Nd4 6.Re1 a6 7.Bc4 b5 8.Nd5 Nxd5
9.Bxd5 Bb7 10.Nxd4 cxd4 11.c3 e6 12.Bxb7 Qxb7 13.cxd4 d5 14.d3 g6 15.Qb3 Rd8
16.Bg5 Be7 17.Bxe7 Kxe7 18.Qb4+ Kf6 19.Rac1 Rc8 20.Rc5 Kg7 21.e5 a5 22.Qxb5 Qxb5
23.Rxb5 Rc2 24.g3 g5 25.h3 h5 26.Rxa5 Rxb2 27.Rc1 h4 28.g4 Rb4 29.Kf1 Rxd4
30.Ke2 Rb8 31.Rc2 Rb1 32.Ra8 Rf4 33.Rcc8 Rb2+ 34.Kd1 f6 35.Rc7+ Kg6 36.Rg8+ Kh6
37.Rcg7 Rfxf2 38.Rg6+ Kh7 39.R6g7+  1/2-1/2

[Event "6th Montalvo Open"]
[Site "Las Palmas ESP"]
[Date "2013.03.25"]
[Round "1.28"]
[White "Gutierrez Garcia,Inmaculada"]
[Black "Gonzalez Intelangelo,G"]
[Result "0-1"]
[WhiteElo "1352"]
[BlackElo "2022"]

1.e4 c5 2.Nc3 Nc6 3.Nf3 d6 4.Bc4 Nf6 5.O-O a6 6.d3 e6 7.Re1 Be7 8.b3 b5 9.Nxb5 axb5
10.Bxb5 Bd7 11.Bc4 O-O 12.e5 Nd5 13.Bb2 dxe5 14.Nxe5 Nxe5 15.Bxe5 Bf6 16.Qf3 Bxe5
17.Rxe5 Bc6 18.Bxd5 exd5 19.c4 Qd6 20.Qg3 dxc4 21.dxc4 Rxa2 22.Rc1 Qd4 23.Re2 Rxe2  0-1

[Event "44th Marcel Duchamp"]
[Site "Buenos Aires ARG"]
[Date "2013.03.26"]
[Round "5.20"]
[White "Restuccia,F"]
[Black "Dimuro,M"]
[Result "0-1"]
[WhiteElo "2089"]
[BlackElo "2274"]

1.e4 c5 2.Nc3 Nc6 3.Bb5 Nd4 4.Nf3 g6 5.Nxd4 cxd4 6.Ne2 Bg7 7.O-O a6 8.Bc4 d6
9.c3 Nf6 10.Nxd4 Nxe4 11.d3 Nf6 12.f4 O-O 13.f5 b5 14.Bb3 Bb7 15.Qe1 Bd5
16.Qh4 Bxb3 17.axb3 b4 18.Bh6 Qd7 19.Rae1 Rac8 20.Re3 Bxh6 21.Rg3 Bg7 22.fxg6 fxg6  0-1

[Event "36th San Sebastian Open"]
[Site "Donostia ESP"]
[Date "2013.03.26"]
[Round "5.11"]
[White "Silva Rodriguez,J"]
[Black "Favarel,A"]
[Result "0-1"]
[WhiteElo "2141"]
[BlackElo "2350"]

1.e4 c5 2.Nc3 Nc6 3.Nge2 g6 4.d4 cxd4 5.Nxd4 Bg7 6.Nb3 Nf6 7.Bc4 O-O 8.O-O d6
9.Re1 b6 10.Bg5 Bb7 11.Nd5 Nxd5 12.exd5 Ne5 13.Bb5 h6 14.Bh4 a6 15.Bf1 Re8
16.c3 Rc8 17.Nd4 Nc4 18.Nc6 Bxc6 19.Bxc4 Bb7 20.Qd3 b5 21.Bb3 Qd7 22.a4 b4
23.cxb4 Bxb2 24.Rab1 Bc3 25.Re3 Be5 26.Qd1 Rc7 27.Bg3 Bf6 28.h3 Rec8 29.Kh2 Kg7
30.Rf3 h5 31.Bf4 Rc3 32.Rxc3 Rxc3 33.Bd2 Rc8 34.Qf3 Be5+ 35.Kg1 Rc7 36.Rc1 Rxc1+
37.Bxc1 Qc7 38.Bd2 e6 39.Qd3 exd5 40.f4 Qb6+ 41.Be3 d4 42.fxe5 dxe3 43.Qxd6 e2+
44.Qxb6 e1=Q+ 45.Kh2 Qxe5+ 46.Kg1 Qe4  0-1

[Event "44th Marcel Duchamp"]
[Site "Buenos Aires ARG"]
[Date "2013.03.28"]
[Round "7.9"]
[White "Santiago,Y"]
[Black "Dimuro,M"]
[Result "1-0"]
[WhiteElo "2411"]
[BlackElo "2274"]

1.e4 c5 2.Nf3 Nc6 3.Nc3 d6 4.d4 cxd4 5.Nxd4 Nf6 6.Be2 e5 7.Nf3 h6 8.O-O Be7
9.Re1 O-O 10.h3 Be6 11.Bf1 Rc8 12.Nd5 Bxd5 13.exd5 Nb4 14.c4 a5 15.a3 Na6
16.Rb1 Qd7 17.b4 axb4 18.axb4 b5 19.Nd2 Nc7 20.Ne4 bxc4 21.Nxf6+ Bxf6 22.Bxc4 Nb5
23.Qd3 Rb8 24.Bb2 Rb7 25.Qe4 Bg5 26.Red1 f5 27.Qe2 Rfb8 28.Ra1 Kh8 29.Ra5 Bd8
30.Ra6 Nc7 31.Rc6 Be7 32.Bc3 Nb5 33.Bxb5 Rxb5 34.Qc4 Bd8 35.Ra1 R5b7 36.Raa6 Bb6
37.b5 Bc5 38.Ra5 Bb6 39.Ra1 Bc5 40.Rb1 Qe7 41.Rb2 Qf6 42.Ba5 Qe7 43.b6 e4
44.Rc7 Qe8 45.Qa6 Qa4 46.Rxb7 Rxb7 47.Qxb7 Qa1+ 48.Kh2 Qxb2 49.Qc8+ Kh7 50.Qxf5+ Kh8
51.Bc3 Qxc3 52.b7 Qb2 53.Qc8+ Kh7 54.b8=Q Qe5+ 55.g3 Qf6 56.Qg8+ Kg6 57.Qbe8+ Kg5
58.h4+  1-0

[Event "7th Philadelphia Open"]
[Site "Philadelphia USA"]
[Date "2013.03.29"]
[Round "5"]
[White "Smith,Bry"]
[Black "Kreiman,B"]
[Result "1/2-1/2"]
[WhiteElo "2460"]
[BlackElo "2482"]

1.e4 c5 2.Nc3 Nc6 3.Bb5 e6 4.Bxc6 bxc6 5.d3 d5 6.f4 Nf6 7.e5 Nd7 8.Nf3 Be7
9.O-O O-O 10.d4 c4 11.Qe1 f6  1/2-1/2

[Event "O2C Doeberl Cup Premier 2013"]
[Site "Canberra AUS"]
[Date "2013.03.30"]
[Round "6.19"]
[White "Rishi,S"]
[Black "Michaille,Laurent"]
[Result "1-0"]
[WhiteElo "2232"]
[BlackElo "2093"]

1.e4 c5 2.Nc3 Nc6 3.Nge2 Qb6 4.Nd5 Qa5 5.g3 e6 6.Ndc3 Nf6 7.Bg2 Be7 8.O-O a6
9.d4 cxd4 10.Nxd4 Qc7 11.Re1 d6 12.Nxc6 bxc6 13.e5 dxe5 14.Rxe5 Bb7 15.Re1 Rd8
16.Qf3 Rd7 17.Bf4 Qa5 18.Rad1 c5 19.Qe2 Rxd1 20.Rxd1 Bxg2 21.Kxg2 O-O 22.Bd6 Bxd6
23.Rxd6 Qb4 24.Nd1 Nd5 25.Rxa6 Rd8 26.Ra3 c4 27.Rf3 Nb6 28.b3 Rd2 29.Qe5 Nd5
30.bxc4 Rxd1 31.Rb3  1-0

[Event "36th San Sebastian Open"]
[Site "Donostia ESP"]
[Date "2013.03.30"]
[Round "9.7"]
[White "Guerra Bastida,D"]
[Black "Rebole Arbea,J"]
[Result "1/2-1/2"]
[WhiteElo "2401"]
[BlackElo "2183"]

1.e4 c5 2.Nc3 Nc6 3.Nge2 Nf6 4.d4 cxd4 5.Nxd4 e5 6.Ndb5 d6 7.Bg5 a6 8.Na3 b5
9.Nd5 Be7 10.Bxf6 Bxf6 11.c4 b4 12.Nc2 a5 13.g3 O-O 14.Bg2 Bg5 15.h4 Bh6
16.O-O Ra7 17.Qd3 Be6 18.Rad1 Rd7 19.Kh2 g6 20.b3 Kh8 21.Nde3 Nb8 22.Nf5 gxf5
23.exf5 Na6 24.fxe6 fxe6 25.Qe2 Nc5 26.Ne1 Rdf7 27.Nd3 Nxd3 28.Rxd3 Qb6 29.Rf3 Rxf3
30.Bxf3 Bd2 31.Kg2 Bc3 32.Be4 Qa7 33.Qh5 Qf7 34.Qh6 Re8 35.h5 Qg7 36.Qxg7+ Kxg7
37.h6+ Kf6 38.Rh1 Re7 39.Rd1 Bd4 40.f4 Bc5 41.Kf3 Rd7 42.Rd2 Rf7 43.Rh2 Bd4
44.Rh5 Ke7 45.Kg4 exf4 46.gxf4 Be3 47.f5 e5 48.Rh3 Bc1 49.Rd3 Bxh6 50.Rd5 Be3
51.Rxa5 Bc5 52.Ra8 Kf6 53.Re8 Re7  1/2-1/2

[Event "VII New Open"]
[Site "Lugano SUI"]
[Date "2013.03.31"]
[Round "5.15"]
[White "Schneider,Ant"]
[Black "Jakob,Mar"]
[Result "0-1"]
[WhiteElo "1871"]
[BlackElo "2021"]

1.e4 c5 2.Nc3 Nc6 3.Nf3 d6 4.Bc4 Nf6 5.h3 g6 6.O-O Bg7 7.Re1 O-O 8.a4 a6
9.Ra3 Qc7 10.Nd5 Nxd5 11.Bxd5 Bd7 12.c3 Rab8 13.d4 cxd4 14.cxd4 b5 15.axb5 axb5
16.Be3 b4 17.Rd3 Na5 18.Qb1 e6 19.Rc1 Qd8 20.Bc4 Nxc4 21.Rxc4 Bb5 22.Qc2 Bxc4
23.Qxc4 Qc8 24.Qxc8 Rfxc8 25.Bf4 Rb6 26.e5 d5 27.Rb3 Rc4 28.Be3 Bf8 29.Nd2 Rc2
30.Nf3 h5 31.g4 hxg4 32.hxg4 Ra6 33.Kg2 Ra2 34.Ne1 Rcxb2 35.Rd3 Rb1 36.Nf3 Be7
37.g5 Kg7 38.Nd2 Rd1 39.Kf3 Ra3 40.Ke2 Rxd3 41.Kxd1 Rxe3 42.fxe3 Bxg5 43.Nf1 Be7
44.Nd2 Kh6 45.Ke2 Kh5 46.e4 Kg4 47.Nf1 Bg5 48.Nh2+ Kg3 49.Nf3 b3  0-1

[Event "ch-Moscow 2013"]
[Site "Moscow RUS"]
[Date "2013.03.31"]
[Round "9.3"]
[White "Stukopin,A"]
[Black "Najer,E"]
[Result "0-1"]
[WhiteElo "2500"]
[BlackElo "2634"]

1.e4 c5 2.Nf3 Nc6 3.Nc3 d6 4.d4 cxd4 5.Nxd4 Nf6 6.Bg5 e6 7.Qd2 a6 8.O-O-O h6
9.Nxc6 bxc6 10.Bf4 d5 11.Qe3 Bb4 12.Be2 O-O 13.e5 Nh7 14.h4 Qa5 15.Rh3 Rb8
16.Bxh6 Rb7 17.Rg3 f6 18.exf6 Rxf6 19.Bg5 Bc5 20.Qd3 Rxf2 21.Be3 Rf6 22.Bxc5 Qxc5
23.Qd4 Qb4 24.Bxa6 Qxb2+ 25.Kd2 Rb4 26.Qc5 Bxa6 27.Rb1 Qxc3+ 28.Qxc3 Rxb1
29.Qxc6 Rf2+ 30.Kc3 d4+ 31.Kxd4 Rb4+ 32.Kc3 Rc4+ 33.Qxc4 Bxc4 34.Kxc4 Rxc2+
35.Kb3 Rc8 36.a4 Nf6 37.Rc3 Rb8+ 38.Ka3 e5 39.a5 e4 40.Ka4 Re8 41.a6 e3 42.Rc1 Nd5
43.Kb5 Rb8+ 44.Ka5 Rb2 45.Ra1 Nc7 46.Re1 Rxg2 47.Kb6 Nxa6 48.Kxa6 Rg3 49.Kb5 Kf7
50.Kc4 Kg6 51.Kd3 Kh5 52.Rh1 g6 53.Ke2 Kg4 54.Rh2 Kh5 55.Rh1 Kg4 56.Rh2 Rg1
57.h5 Kg3 58.h6 Ra1 59.Kxe3 Kxh2 60.Kf4 Ra5  0-1

[Event "Pobeskydi Open 2013"]
[Site "Frydek-Mistek CZE"]
[Date "2013.04.01"]
[Round "9"]
[White "Novotny,M1"]
[Black "Plat,V"]
[Result "0-1"]
[WhiteElo "2279"]
[BlackElo "2452"]

1.e4 c5 2.Nf3 Nc6 3.Nc3 g6 4.d4 cxd4 5.Nxd4 Bg7 6.Be3 Nf6 7.Be2 O-O 8.O-O d6
9.a4 Bd7 10.Nb3 Qc8 11.f3 Ne5 12.Nb5 a6 13.Nc3 Nc4 14.Bxc4 Qxc4 15.Qd3 Qc7
16.Bd4 Be6 17.Rf2 Bc4 18.Qe3 b5 19.Bb6 Qc8 20.Na5 b4 21.Nxc4 Qxc4 22.Na2 a5
23.b3 Qc6 24.Bd4 e5 25.Bb2 d5 26.Re2 d4 27.Qd3 Nd7 28.Rf1 Rac8 29.Nc1 Nc5
30.Qc4 Qb6 31.Qb5 Qxb5 32.axb5 Rb8 33.Nd3 Rxb5 34.Ra1 Rc8 35.Kf1 Nxd3 36.cxd3 Bh6
37.Ke1 Be3 38.Kd1 Rbc5 39.g3 f6 40.Rg2 Kf7 41.g4 g5 42.Ra2 Ke6 43.h3 Kd6
44.Rh2 Bf4 45.Rg2 R8c6 46.Rf2 Kc7 47.Rg2 Kb6 48.Rf2 Kb5 49.Rg2 Rc7 50.Ra1 Be3
51.Rh2 h6 52.Rg2 Rc8 53.Rh2 a4 54.bxa4+ Ka5 55.Rg2 b3  0-1

[Event "1st Hofheim Open"]
[Site "Hofheim GER"]
[Date "2013.04.02"]
[Round "1.25"]
[White "Ljuboschiz,A"]
[Black "Bingert,Tim Niklas"]
[Result "1-0"]
[WhiteElo "2183"]
[BlackElo "1997"]

1.e4 c5 2.Nf3 Nc6 3.Nc3 g6 4.d4 cxd4 5.Nxd4 Bg7 6.Be3 Nf6 7.Be2 O-O 8.f4 d6
9.Qd2 Nxd4 10.Bxd4 Be6 11.O-O Qa5 12.Bf3 Rac8 13.a3 Rc4 14.Be3 Rfc8 15.f5 Bd7
16.Kh1 Bc6 17.fxg6 hxg6 18.Rad1 Rxc3 19.bxc3 Nxe4 20.Bxe4 Bxe4 21.Qf2 Bf5
22.Bd4 Bxd4 23.Qxd4 Qxc3 24.Qh4 Rc7 25.Rde1 Qf6 26.Qd4 Qg5 27.Qxa7 Rxc2 28.Qxb7 e5
29.Qf3 Qg4 30.Qxg4 Bxg4 31.h3 Be6 32.Kg1 Rc3 33.Ra1 d5 34.a4 d4 35.a5 Bd5
36.a6 Rc2 37.Rf2 Rc8 38.a7 d3 39.Rb2 Kg7 40.Kf2 e4 41.Ke3 f5 42.Rb8 Rc2 43.Rd8 f4+
44.Kxf4 Bc6  1-0

[Event "1st Hofheim Open"]
[Site "Hofheim GER"]
[Date "2013.04.05"]
[Round "5.10"]
[White "Degenhardt,H"]
[Black "Humburg,Philipp"]
[Result "1/2-1/2"]
[WhiteElo "2260"]
[BlackElo "1956"]

1.e4 c5 2.Nc3 Nc6 3.Bb5 Nd4 4.Bc4 e6 5.Nf3 Ne7 6.O-O Nec6 7.d3 Be7 8.Nxd4 Nxd4
9.Be3 a6 10.a3 b5 11.Ba2 O-O 12.Nb1 e5 13.Nc3 Kh8 14.Nd5 Bb7 15.f4 exf4 16.Bxf4 d6
17.Nxe7 Qxe7 18.c3 Ne6 19.Qh5 c4 20.dxc4 Bxe4 21.Rad1 Nxf4 22.Rxf4 Bg6 23.Qf3 Rae8
24.cxb5 axb5 25.Bd5 f6 26.Bc6 Rb8 27.Rfd4 Rfd8 28.Qf1 Be8 29.Bxe8 Rxe8 30.Rxd6 h6
31.R6d5 Qe2 32.Qxe2 Rxe2 33.R1d2 Ree8 34.Rc5 Re7 35.h4 Kh7 36.Rdd5 Re2 37.b4 Ra8
38.Rxb5 Rxa3 39.Rd3 Rc2 40.Rc5 f5 41.Rc7 Kg6 42.h5+ Kxh5 43.Rxg7 Rcxc3 44.Rd5 Rc1+
45.Kh2 Rf1 46.b5 Rb3 47.b6 Rxb6 48.Rd3 Rf4 49.Rh3+ Rh4 50.Rg3 Rb4 51.Rf3 Rxh3+
52.Kxh3 Kg5 53.Ra3 Rh4+ 54.Kg3 Rg4+ 55.Kf3 Rf4+ 56.Kg3 h5 57.Ra8 Rg4+ 58.Kh3 Rh4+
59.Kg3 Rg4+ 60.Kh3 h4 61.Ra3 Kf4 62.Ra4+ Kg5 63.Ra3 Rb4 64.Rc3 Rb1 65.Kh2 Rd1
66.Ra3 Re1 67.Rb3 Re5 68.Rb8 Re6 69.Kh3 Re3+ 70.Kh2 Re4 71.Kh3 Re3+ 72.Kh2 Rg3
73.Ra8 Rg4 74.Rb8 Kf4 75.Rb3 Rg3 76.Rb4+ Kg5 77.Rb8 Re3 78.Ra8 Kf4 79.Rg8 Rg3
80.Ra8 Rg4 81.Rb8 Rg6 82.Rb4+ Kg5 83.Kh3 Rh6 84.Ra4 Rh7 85.Rb4 Rh6 86.Ra4 Rh7
87.Rb4 Rh6  1/2-1/2

[Event "TCh-CRO II Liga 2013"]
[Site "Split CRO"]
[Date "2013.04.05"]
[Round "1.4"]
[White "Cecuk,M"]
[Black "Solic,K"]
[Result "0-1"]
[WhiteElo "2105"]
[BlackElo "2245"]

1.e4 c5 2.Nc3 Nc6 3.Nge2 d6 4.g3 g6 5.Bg2 Bg7 6.O-O e6 7.d3 Nge7 8.Bg5 h6
9.Be3 O-O 10.Qd2 Kh7 11.f4 Nd4 12.a4 Nec6 13.Kh1 Qa5 14.Ng1 Bd7 15.g4 f5
16.gxf5 exf5 17.Qd1 Nb4 18.Rf2 Rae8 19.Rc1 Qd8 20.Qd2 b6 21.b3 Bc6 22.Nd5 Bxd5
23.exd5 Ndxc2 24.Re2 Nxe3 25.Rxe3 Rxe3 26.Qxe3 Re8 27.Qd2 Qe7 28.Rd1 Bd4
29.Nf3 Be3 30.Qc3 Nxd5 31.Ng5+ hxg5 32.Bxd5 gxf4 33.Bc6 Rc8 34.Bf3 a5 35.h3 g5
36.Bg2 f3  0-1

[Event "SuperNationals V"]
[Site "Nasville USA"]
[Date "2013.04.06"]
[Round "3"]
[White "Kranjc,Nathaniel A"]
[Black "Vibbert,Sean"]
[Result "0-1"]
[WhiteElo "2033"]
[BlackElo "2252"]

1.e4 c5 2.Nc3 Nc6 3.Nf3 d6 4.d4 cxd4 5.Nxd4 Nf6 6.Bc4 Qb6 7.Nxc6 bxc6 8.O-O Bg4
9.Qe1 Nd7 10.Na4 Qd4 11.Bb3 Be6 12.Bd2 Bxb3 13.axb3 Nf6 14.Be3 Qxe4 15.Nb6 Rb8
16.Rxa7 g6 17.Qc3 Bg7 18.f3 Ng4 19.fxe4 Bxc3 20.bxc3 Nxe3 21.Rfa1 Nxc2 22.R1a6 Ne3
23.Rc7 O-O 24.Rxc6 Rb7 25.h3 Rfb8 26.b4 f5 27.exf5 gxf5 28.Na4 Kf7 29.Kf2 f4
30.Kf3 Rg8 31.Ra5 Nxg2 32.Rf5+ Ke6 33.Rh5 Rg3+ 34.Kf2 Ra7 35.Nc5+ Kf7 36.Na6 Kg6
37.Ra5 Ne3 38.b5 e5 39.Rxd6+ Kf5 40.b6 Rg2+ 41.Ke1 f3 42.Rd2 Rd7 43.Raa2 Kf4
44.Rxg2 Rd1+ 45.Kf2 Rf1+  0-1

[Event "TCh-NED Meesterklasse 2012-13"]
[Site "Netherland NED"]
[Date "2013.04.06"]
[Round "8.1"]
[White "Bertholee,R"]
[Black "Ikonnikov,Vy"]
[Result "0-1"]
[WhiteElo "2349"]
[BlackElo "2525"]

1.e4 c5 2.Nc3 Nc6 3.Bb5 Nd4 4.Bc4 e6 5.Nf3 a6 6.Nxd4 cxd4 7.Ne2 Nf6 8.d3 Bc5
9.c3 d5 10.exd5 exd5 11.Bb3 dxc3 12.bxc3 h6 13.O-O O-O 14.d4 Bd6 15.Qd3 Bd7
16.a4 Qc7 17.Ng3 b5 18.Re1 bxa4 19.Bxa4 Bxa4 20.Rxa4 Qc6 21.Ra5 Qb6 22.Ra4 Bxg3
23.hxg3 Rfc8 24.Bd2 Ne4 25.Rb1 Qe6 26.Rba1 Rc6 27.Ra5 Rb6 28.Be1 Qc6 29.g4 Nd6
30.Rc5 Qb7 31.f3 Rb5 32.Rxb5 Qxb5 33.Qxb5 Nxb5 34.Ra5 Kf8 35.Kf1 Ke7 36.Ke2 Ke6
37.Kd3 Nd6 38.Ra2 a5 39.Bd2 a4 40.Bc1 Nc4 41.Kc2 Kd7 42.Kb1 Kc6 43.Re2 Rb8+
44.Ka1 Rb3 45.Rc2 Kb5 46.Ka2 Na5 47.Bb2 Kc4 48.Re2 Kd3 49.Re7 Nc4 50.Ba1 g6
51.f4 f5 52.gxf5 gxf5 53.g3 h5 54.Ra7 Rb6 55.Rxa4 Rg6 56.Kb3 Rxg3 57.Ra2 h4
58.Rh2 h3 59.Kb4 Ne3 60.Rh1 Ng4 61.c4 h2 62.cxd5 Rg1 63.Rxh2 Nxh2 64.d6 Rxa1
65.d7 Ra8 66.Kc5 Ng4 67.Kb4 Kxd4 68.d8=R+ Rxd8 69.Ka4 Kc5 70.Ka5 Ra8+  0-1

[Event "TCh-NED Meesterklasse 2012-13"]
[Site "Netherland NED"]
[Date "2013.04.06"]
[Round "8.4"]
[White "Nijboer,F"]
[Black "Dek,L"]
[Result "1-0"]
[WhiteElo "2535"]
[BlackElo "2244"]

1.e4 c5 2.Nf3 Nc6 3.Nc3 Nf6 4.d4 cxd4 5.Nxd4 e5 6.Ndb5 d6 7.Bg5 a6 8.Na3 b5
9.Nd5 Be7 10.Bxf6 Bxf6 11.c4 b4 12.Nc2 a5 13.g3 Bg5 14.Bg2 O-O 15.O-O Rb8
16.b3 f5 17.exf5 Bxf5 18.h4 Bh6 19.Qe2 Qd7 20.Be4 g6 21.Rad1 Kh8 22.f3 Bg7
23.Rf2 Qa7 24.Kg2 Rbe8 25.Rdf1 Nd4 26.Qd3 Qd7 27.Rd1 Ne6 28.Nde3 Rd8 29.Qd5 Nc5
30.Bxf5 gxf5 31.Ne1 Qe7 32.Qd2 Ne6 33.Nd5 Qf7 34.f4 Nc5 35.Qe3 Ne4 36.Rf3 Rde8
37.Nd3 Nc3 38.Nxc3 e4 39.Nd5 exf3+ 40.Qxf3 Bd4 41.N3xb4 axb4 42.Rxd4 Qe6
43.Rd2 Rb8 44.Re2 Qg8 45.Nxb4 Qg7 46.Nd5 Rbe8 47.Rd2 Re1 48.Qc3 Rfe8 49.Qxg7+ Kxg7
50.Kf2 Ra1 51.Ne3 Ra8 52.Kf3 R1xa2 53.Nxf5+ Kf7 54.Rxd6 R8a3 55.Rd3 Rc2 56.Nd4 Rc1
57.h5 Kg8 58.Kg4 h6 59.Nb5 Ra6 60.Rd8+ Kf7 61.Rd7+  1-0

[Event "23rd ch-SLO 2013"]
[Site "Sentjur SLO"]
[Date "2013.04.06"]
[Round "1.11"]
[White "Kokol,P"]
[Black "Cretnik,Urban"]
[Result "0-1"]
[WhiteElo "2293"]
[BlackElo "1806"]

1.e4 c5 2.Nf3 Nc6 3.Nc3 e5 4.Bc4 Be7 5.d3 d6 6.h3 Nf6 7.O-O O-O 8.Be3 h6
9.Qd2 Kh7 10.Nh2 Be6 11.Nd5 Nd4 12.Bxd4 Bxd5 13.Bxd5 Nxd5 14.Be3 Nxe3 15.fxe3 d5
16.Rf5 dxe4 17.Rxe5 f5 18.Qf2 Bh4 19.g3 Qd6 20.d4 cxd4 21.exd4 Bf6 22.Qxf5+ Kh8
23.Rd5 Qxg3+ 24.Kh1 Bxd4 25.Qg4 Be5 26.Qxg3 Bxg3 27.Rg1 Bf2 28.Rg6 Rad8 29.Rxd8 Rxd8
30.Re6 e3 31.Nf3 Rd7 32.h4 Kg8 33.Ne5 Rd2 34.Re8+ Kh7 35.Nf3 Rxc2 36.h5 Rc5
37.Ne5 e2 38.Nd3 e1=Q+ 39.Nxe1 Rc1  0-1

[Event "TCh-CZE Div1 Vychod 2012-13"]
[Site "Czech Republic CZE"]
[Date "2013.04.07"]
[Round "10.7"]
[White "Senkyr,M"]
[Black "Dvorak,M"]
[Result "1/2-1/2"]
[WhiteElo "2171"]
[BlackElo "2186"]

1.e4 c5 2.Nf3 Nc6 3.Nc3 Nf6 4.Bb5 Nd4 5.e5 Nxb5 6.Nxb5 Nd5 7.Ng5 a6 8.Qf3 f6
9.Qxd5 fxg5 10.Nc3 e6 11.Qf3 Be7 12.O-O Qc7 13.Re1 h6 14.Qh5+ Kd8 15.Qf7 Bf8
16.Qf3 Rb8 17.b3 b5 18.Bb2 Bb7 19.Ne4 Ra8 20.Qh5 a5 21.Nxg5 Qc6 22.Ne4 Kc7
23.a4 b4 24.f3 Kb6 25.c3 Qd5 26.d4 bxc3 27.Bxc3 cxd4 28.Red1 d3 29.Qh4 Ba6
30.Rab1 Rc8 31.Qf2+ Kb7 32.b4 Ka8 33.b5 Bb7 34.Bd4 Rc4 35.Rxd3 Rxa4 36.Nc3 Qc4
37.Nxa4 Qxd3 38.Nb6+ Kb8 39.Rc1 Qxb5 40.Nc4 Bc6 41.Qc2 Bb4 42.Rb1 Qd5 43.Bf2 Kc7
44.Bb6+  1/2-1/2

[Event "SuperNationals V"]
[Site "Nasville USA"]
[Date "2013.04.07"]
[Round "6"]
[White "Bodek,Michael H"]
[Black "Vibbert,Sean"]
[Result "1-0"]
[WhiteElo "2351"]
[BlackElo "2252"]

1.e4 c5 2.Nc3 Nc6 3.Nf3 d6 4.d4 cxd4 5.Nxd4 Nf6 6.Bg5 e6 7.Qd2 a6 8.O-O-O Bd7
9.f4 b5 10.Nxc6 Bxc6 11.Qe1 Qa5 12.Kb1 Ra7 13.Bxf6 gxf6 14.Qe3 Rb7 15.Qh3 Rc7
16.Bd3 b4 17.Ne2 Qc5 18.Ng3 Be7 19.Qh6 d5 20.Nh5 Rg8 21.Qxh7 Rxg2 22.Qh8+ Kd7
23.Nxf6+ Bxf6 24.Qxf6 Kc8 25.Bxa6+ Bb7 26.Qh8+ Kd7 27.Bd3 Ke7 28.f5 Rc8 29.Qh4+ Kf8
30.fxe6 dxe4 31.Rhf1 f5 32.Qf6+ Kg8 33.Qf7+ Kh8 34.Rxf5 exd3 35.Rxc5 dxc2+
36.Rxc2 Be4 37.Qf6+ Kg8 38.Rd8+ Kh7 39.Qh8+ Kg6 40.Rg8+  1-0

[Event "TCh-CRO II Liga 2013"]
[Site "Split CRO"]
[Date "2013.04.07"]
[Round "3.6"]
[White "Baturina,A"]
[Black "Novak,Ivo"]
[Result "1/2-1/2"]
[WhiteElo "2129"]
[BlackElo "1801"]

1.e4 c5 2.Nc3 Nc6 3.Nf3 d6 4.Bb5 Bd7 5.d4 cxd4 6.Nxd4 Nf6 7.O-O g6 8.a4 Bg7
9.Nb3 O-O 10.h3 Rc8 11.Be3 Qc7 12.Nd5 Nxd5 13.exd5 Ne5 14.Bxd7 Nxd7 15.c3 Nc5
16.Nd4 a6 17.Re1 Rfe8 18.Rc1 e5 19.dxe6 Nxe6 20.Nf3 Qc6 21.b3 d5 22.Qd3 Nc5
23.Bxc5 Rxe1+ 24.Rxe1 Qxc5 25.Rd1 h6 26.h4 Qxc3 27.Qxd5 Qc6 28.Qd7 b5 29.axb5 axb5
30.Qxc6 Rxc6 31.Rd8+ Kh7 32.Rb8 Rc5 33.Rb7 Kg8 34.Kf1 Bc3 35.Ke2 Kg7 36.Nd2 Rd5
37.Ne4 b4 38.Rc7 Rd4 39.f3 Bb2 40.Rc4 f5 41.Rxd4 Bxd4 42.Nd2 Kf6 43.Kd3 Ke5
44.h5 gxh5 45.Nf1 h4 46.Nd2 Kd5 47.f4 Bf2 48.Nc4 Bg3 49.Ke3 Be1 50.Ne5 h5
51.Ng6 Bg3 52.Ne7+ Ke6 53.Nc6 Be1 54.Nd4+ Kf6  1/2-1/2

[Event "10th Balagne Rapid Open"]
[Site "Calvi FRA"]
[Date "2013.04.13"]
[Round "3"]
[White "Fressinet,L"]
[Black "Luciani,T"]
[Result "1-0"]
[WhiteElo "2706"]
[BlackElo "2081"]

1.e4 c5 2.Nc3 Nc6 3.Nf3 d6 4.d4 cxd4 5.Nxd4 Nf6 6.Bc4 g6 7.Nxc6 bxc6 8.e5 Nd7
9.exd6 e5 10.Qf3 Qf6 11.Qxf6 Nxf6 12.Bg5 Nd7 13.O-O-O h6 14.Be3 Bg7 15.Ne4 O-O
16.Nc5 Kh7 17.f3 Nxc5 18.Bxc5 Bd7 19.b3 f5 20.Rhe1 Rae8 21.Re2 e4 22.a4 exf3
23.gxf3 Rxe2 24.Bxe2 Re8 25.Ba6 Re5 26.b4 Rd5 27.Rxd5 cxd5 28.Bb5  1-0

[Event "4th LUCOPEN 2013"]
[Site "Lille FRA"]
[Date "2013.04.13"]
[Round "1.18"]
[White "Satyapragyan,S"]
[Black "Haussernot,C"]
[Result "1-0"]
[WhiteElo "2463"]
[BlackElo "2077"]

1.e4 c5 2.Nc3 Nc6 3.Nge2 g6 4.d4 cxd4 5.Nxd4 Bg7 6.Be3 d6 7.Qd2 Nf6 8.f3 O-O
9.Bc4 Bd7 10.O-O-O Qa5 11.Bb3 Nxd4 12.Bxd4 b5 13.h4 h5 14.Kb1 b4 15.Nd5 Nxd5
16.Bxg7 Kxg7 17.Bxd5 Rab8 18.g4 Rh8 19.Qd4+ Kg8 20.gxh5 Rxh5 21.Rhg1 e6 22.Bb3 Rb6
23.Qf6 Be8 24.Rxg6+ fxg6 25.Bxe6+ Kh7 26.Qe7+ Kh6 27.Qf8+  1-0